| 000 | 00392nam a2200181Ia 4500 | ||
|---|---|---|---|
| 008 | 151202s9999||||xx |||||||||||||| ||und|| | ||
| 082 | _bPNVM-13944 | ||
| 100 | _aCHITALE VENU. | ||
| 245 | _aIN TRANSIT. | ||
| 260 | _b--- | ||
| 260 | _c0 | ||
| 300 | _a504 | ||
| 600 | _aCHITALE VENU. | ||
| 630 | _aIN TRANSIT. | ||
| 700 | _aCHITALE VENU. | ||
| 730 | _aIN TRANSIT. | ||
| 942 | _cBOOK | ||
| 999 |
_c1279930 _d1279927 |
||